00445 a2200109 4500001001000000005001700010008004100027245017900068100001800247773005300265999001700318ART_3871220260410161740.0260409a 10aLey 26773 y la aplicación del RIPTE en el tiempo, períodos que comprende su cálculo, los rubros que deben calcularse y su compatibilidad con la tasa de interés activa1 aDuarte, David0 tDoctrina laboralg- Nº 369 (mayo 2016)wREV4049 c18633d18633